[Event "New York MCC"]
[Site "New York"]
[Date "1994.??.??"]
[Round "2"]
[White "Waitzkin, Joshua"]
[Black "Dzindzichashvili, Roman"]
[Result "1/2-1/2"]
[WhiteElo "2430"]
[BlackElo "2540"]

1.e4 Nc6 2.Nf3 d6 3.d4 Bg4 4.d5 Ne5 5.Bb5+ c6 6.dxc6 Nxc6 7.O-O a6 8.Ba4 e6
9.Bf4 Be7 10.Nc3 b5 11.Bb3 Nf6 12.h3 Bh5 13.Qd3 O-O 14.Rad1 Qb6 15.g4 Bg6
16.Nh4 Ne5 17.Qe2 Qc6 18.f3 Rac8 19.Bg3 Nc4 20.Bxc4 bxc4 21.Kh2 d5 22.Nxg6 hxg6
23.exd5 Qb6 24.dxe6 fxe6 25.Be5 Bb4 26.Bxf6 gxf6 27.Kg2 Bxc3 28.bxc3 Qc6
29.Rfe1 e5 30.Qe4 Qxe4 31.Rxe4 Rfd8 32.Rxd8+ Rxd8 33.Rxc4 Rd2+ 34.Kg3 Rxc2
35.a4 Kf7 36.Rc6 f5 37.gxf5 gxf5 38.h4 a5 39.Rc5 Ke6 40.h5 f4+ 41.Kh3 Rf2
42.h6 Rxf3+ 43.Kh2 Rf2+  1/2-1/2

[Event "New York Murphy-ACF"]
[Site "New York"]
[Date "1994.??.??"]
[Round "2"]
[White "Rogers, Norman"]
[Black "Waitzkin, Joshua"]
[Result "0-1"]
[WhiteElo "2290"]
[BlackElo "2430"]

1.e4 c5 2.Nf3 Nc6 3.d4 cxd4 4.Nxd4 Nf6 5.Nc3 d6 6.Bc4 Qb6 7.Nb3 e6 8.O-O Be7
9.Kh1 O-O 10.f4 a6 11.a4 Qc7 12.Bd3 b6 13.Qf3 Nd7 14.Bd2 Nc5 15.Nxc5 bxc5
16.Qh3 Nb4 17.f5 Nxd3 18.cxd3 Kh8 19.Ne2 exf5 20.exf5 Bf6 21.Bc3 Bxc3 22.bxc3 Qe7
23.Rae1 Qf6 24.Ng3 Bb7 25.Nh5 Qh6 26.Qg4 Rae8 27.Rxe8 Rxe8 28.h3 Bc8 29.Rb1 g6
30.Ng3 Qe3 31.Rb8 gxf5 32.Qh4 Qe1+ 33.Kh2 Qe5 34.d4 cxd4 35.cxd4 Qe6 36.Nh5 Qg6
37.Qf6+ Qxf6 38.Nxf6 Rf8 39.Nd7 Rg8 40.Nf6 Rf8 41.Nd5 Kg7 42.Nb6 Be6 43.Rxf8 Kxf8
44.d5 Ke7 45.Kg3 Bd7 46.Kf4 Be8 47.Kxf5 f6 48.Nc8+ Kd7 49.Nb6+ Ke7 50.h4 Bg6+
51.Kf4 Bd3 52.Ke3 Bf1 53.g3 Kd8 54.Kd4 Kc7 55.a5 Kd8 56.Na4 Ke7 57.Nc3 Kd7
58.Ke4 Ke7 59.Kf4 Bh3 60.Nd1 Bf1 61.Ne3 Bd3 62.Kf3 Kf7 63.Ng2 Ke7 64.Nf4 Bf5
65.Ne2 Bd3 66.Nd4 Kd7 67.Kf4 Ke7 68.Kg4 Bc4 69.Nf5+ Kd7 70.Ne3 Be2+ 71.Kf5 Ke7
72.Ke4 Kd7 73.Nf5 Bf1 74.Ng7 Bg2+ 75.Kd4 Bh3 76.Nh5 Ke7 77.Nf4 Bf1 78.Ne6 Bh3
79.Nc7 Bf1 80.Ke4 Bg2+ 81.Kf5 Bf1 82.g4 Bd3+ 83.Kf4 Bc4 84.Ke4 Bf1 85.Kf4 Bc4
86.h5 Kd7 87.Ne6 Bxd5 88.Nf8+ Ke7 89.Nxh7 Bg8 90.Nxf6 Kxf6 91.g5+ Ke6 92.Ke4 Bf7
93.g6 Be8 94.Kd4 d5 95.Kc5 Ke5 96.g7 Bf7 97.h6 Bg8 98.Kc6 d4 99.Kd7 Kf6 100.Ke8 Kg6  0-1

[Event "New York Murphy-ACF"]
[Site "New York"]
[Date "1994.??.??"]
[Round "5"]
[White "Waitzkin, Joshua"]
[Black "Levitt, Jonathan"]
[Result "1-0"]
[WhiteElo "2430"]
[BlackElo "2445"]

1.e4 e6 2.d4 d5 3.exd5 exd5 4.c4 Nf6 5.Nc3 Bb4 6.Bd3 O-O 7.Ne2 dxc4 8.Bxc4 Nbd7
9.O-O Nb6 10.Bb3 c6 11.Bg5 Be7 12.Re1 Nfd5 13.Bxe7 Nxe7 14.Nf4 Bf5 15.Qh5 Bg6
16.Qg4 Nf5 17.Nxg6 hxg6 18.Rad1 Qh4 19.Qxh4 Nxh4 20.d5 c5 21.Re7 Rab8 22.Rc7 Rfc8
23.d6 c4 24.Bc2 Nf5 25.Rxc8+ Rxc8 26.g4 Nh6 27.h3 f5 28.f3 Rd8 29.b3 Nc8
30.bxc4 Rxd6 31.Re1 Kf8 32.Nd5 Nb6 33.Nc7 Nxc4 34.Bb3 Rc6 35.Ne6+ Kg8 36.Nd4 Rc5
37.Rc1 fxg4 38.Rxc4 Rxc4 39.Bxc4+ Kf8 40.hxg4 Ke7 41.Kf2  1-0

[Event "New York MCC"]
[Site "New York"]
[Date "1994.??.??"]
[Round "5"]
[White "Berkovich, Dmitry"]
[Black "Waitzkin, Joshua"]
[Result "1/2-1/2"]
[WhiteElo "2415"]
[BlackElo "2430"]

1.Nf3 c5 2.b3 Nc6 3.e3 Nf6 4.Bb2 e6 5.d4 d5 6.Nbd2 Be7 7.a3 a6 8.Bd3 b5 9.dxc5 Bxc5
10.Nd4 Ne5 11.Be2 Ng6 12.h4 e5 13.Nc6 Qc7 14.h5 Qxc6 15.hxg6 fxg6 16.Nf3 O-O
17.Nxe5 Qe6 18.Bf3 Bb7 19.Qe2 Bd6 20.Nd3 g5 21.g3 Ne4 22.Bd4 Qe7 23.Bg2 Rf7
24.Qh5 h6 25.Qg6 Bc8 26.Bh3 Bxh3 27.Rxh3 Kf8 28.Qh7 Ke8 29.Qg6 Nf6 30.f4 gxf4
31.gxf4 Qe4 32.Rg3 Rc8 33.Bxf6 Qxg6 34.Rxg6 Rxf6 35.Rxf6 gxf6 36.Kd2 Kf7
37.Nb4 d4 38.Rh1 dxe3+ 39.Kxe3 a5 40.Nd3 Rxc2 41.Rxh6 Bxa3 42.Rh7+ Kg6 43.Rb7 b4
44.Rb5 Rc3 45.Rxa5 Rxb3 46.Ke4 Bb2 47.f5+ Kg5 48.Ra2 Bc3 49.Rg2+ Kh6 50.Rg6+ Kh7
51.Nf4 Rb1 52.Nd5 Re1+ 53.Kd3  1/2-1/2

[Event "New York MCC"]
[Site "New York"]
[Date "1994.??.??"]
[Round "7"]
[White "Leveille, Francois"]
[Black "Waitzkin, Joshua"]
[Result "1-0"]
[WhiteElo "2370"]
[BlackElo "2430"]

1.Nf3 c5 2.g3 Nc6 3.Bg2 e5 4.O-O g6 5.c4 Bg7 6.Nc3 Nge7 7.a3 d6 8.b4 O-O
9.Rb1 h6 10.d3 Rb8 11.Nd2 Be6 12.Qa4 cxb4 13.axb4 Qc7 14.Ba3 Nc8 15.b5 Nb6
16.Qd1 Nd4 17.e3 Nf5 18.Qb3 Rfd8 19.Rfc1 Qd7 20.Nde4 Nc8 21.Qa4 Nfe7 22.c5 d5
23.Nd6 d4 24.exd4 exd4 25.Ne2 Bd5 26.c6 Nb6 27.Qc2 Qc7 28.Nxb7 Rxb7 29.cxb7 Qxb7
30.Qc7 Qxc7 31.Rxc7 Bxg2 32.Bxe7 Re8 33.Kxg2 Nd5 34.Rxa7 Nxe7 35.Nf4 Nc8
36.Rc7 Nb6 37.Rc6 Rb8 38.Kf3 Bf8 39.Ke4 Na4 40.Kxd4 Bg7+ 41.Kc4 Nb2+ 42.Rxb2  1-0

[Event "New York Murphy-ACF"]
[Site "New York"]
[Date "1994.??.??"]
[Round "7"]
[White "Umezinwa, George"]
[Black "Waitzkin, Joshua"]
[Result "1/2-1/2"]
[WhiteElo "2300"]
[BlackElo "2430"]

1.d4 Nf6 2.Nf3 e6 3.g3 c5 4.c3 b6 5.Bg2 Bb7 6.O-O Be7 7.Bg5 O-O 8.Nbd2 d6
9.e3 Nbd7 10.Re1 h6 11.Bxf6 Nxf6 12.Qa4 a6 13.Qc2 Rc8 14.Rad1 Qc7 15.Nh4 cxd4
16.exd4 Nd5 17.Nhf3 b5 18.a4 Nb6 19.axb5 axb5 20.Qb3 Qd7 21.Bf1 Bc6 22.Bd3 Qb7
23.Be4 Nd5 24.Re2 Ra8 25.Rde1 Kh8 26.Rc1 f5 27.Bxd5 Bxd5 28.c4 bxc4 29.Qxb7 Bxb7
30.Rxe6 Rf7 31.Rce1 Bd8 32.Rxd6 Ba5 33.Ra1 Rc7 34.Ne5 Bxd2 35.Rxa8+ Bxa8
36.Rd8+ Kh7 37.Rxa8 c3 38.bxc3 Bxc3 39.Rd8 Ba5 40.Rd5 Bc3 41.h4 Re7 42.h5 Bxd4
43.Ng6 Re1+ 44.Kg2 Bf6 45.Rxf5 Kg8 46.Rc5 Kf7 47.Rc8 Ra1 48.Rc7+ Ke6 49.Nf8+ Kd6
50.Rd7+ Ke5 51.Kh3 Rf1 52.f4+ Kf5 53.Rd5+ Ke4 54.Rb5 Ra1 55.Kg4 Ra3 56.Nd7 Bc3
57.Ne5 Ra5 58.Rb7 Bxe5 59.Re7 Rd5 60.fxe5 Rxe5 61.Rxg7 Re6 62.Rg6 Ke5 63.Kh4 Rd6
64.g4 Rxg6 65.hxg6 Kf6 66.Kh5 Kg7 67.g5 hxg5 68.Kxg5 Kg8  1/2-1/2

[Event "New York MCC"]
[Site "New York"]
[Date "1994.??.??"]
[Round "8"]
[White "Sagalchik, Gennadij"]
[Black "Waitzkin, Joshua"]
[Result "1-0"]
[WhiteElo "2545"]
[BlackElo "2430"]

1.d4 Nf6 2.c4 c5 3.d5 b5 4.cxb5 a6 5.bxa6 g6 6.Nc3 Bxa6 7.g3 d6 8.Bg2 Bg7
9.Nh3 Nbd7 10.O-O O-O 11.Qc2 Qa5 12.Bd2 Rfc8 13.Rab1 c4 14.Nf4 Nb6 15.h4 Bb7
16.h5 g5 17.h6 gxf4 18.hxg7 fxg3 19.Qf5 Nbd7 20.fxg3 Qc5+ 21.Rf2 Qd4 22.Bf4 Kxg7
23.g4 Nf8 24.Nb5 Qb6 25.Nxd6 Rc5 26.Nxb7 Qxb7 27.Be5  1-0

[Event "PCA-op"]
[Site "New York"]
[Date "1994.??.??"]
[Round "9"]
[White "Sagalchik, Gennadij"]
[Black "Waitzkin, Joshua"]
[Result "1-0"]
[WhiteElo "2515"]
[BlackElo "2415"]

1.e4 e5 2.Nf3 Nc6 3.Bc4 Nf6 4.d3 Bc5 5.O-O O-O 6.c3 d6 7.h3 h6 8.Re1 a6 9.Bb3 Kh8
10.Nbd2 Nh7 11.Nf1 f5 12.exf5 Bxf5 13.Ng3 Bg6 14.d4 exd4 15.cxd4 Bb4 16.Bd2 Bxd2
17.Qxd2 Rxf3 18.gxf3 Ng5 19.Kg2 Qd7 20.Rh1 Bf5 21.Nxf5 Qxf5 22.Qe3 Qg6 23.f4 Ne6+
24.Kh2 Nexd4 25.Rhg1 Qf6 26.Rg4 Nf5 27.Qc3 Ncd4 28.Bd5 h5 29.Rg5 Nh6 30.Qg3 Ne2
31.Qh4 Nxf4 32.Bb3 Ng6 33.Qg3 h4 34.Qe3 Ne5 35.Kh1 Rf8 36.Rg2 Nf3 37.Qe4 Qxb2
38.Bc2 Qxa1+ 39.Bb1 Rf5  1-0

[Event "New York MCC"]
[Site "New York"]
[Date "1994.??.??"]
[Round "9"]
[White "Waitzkin, Joshua"]
[Black "Arnett, David A"]
[Result "1-0"]
[WhiteElo "2430"]
[BlackElo "2350"]

1.e4 c5 2.Nf3 Nc6 3.d4 cxd4 4.Nxd4 Nf6 5.Nc3 d6 6.Bc4 Qb6 7.Nb3 a6 8.O-O e6
9.Be3 Qc7 10.Bd3 b5 11.f4 Be7 12.Qf3 Bb7 13.Qh3 b4 14.Ne2 Na5 15.Nd2 h5 16.Kh1 d5
17.exd5 Bxd5 18.Bg1 Bc5 19.Nd4 Qb6 20.N2f3 Rd8 21.c3 bxc3 22.bxc3 Qb2 23.Ne5 Bd6
24.Rab1 Qa3 25.Bxa6 O-O 26.Nb5 Qa4 27.Nxd6 Rxd6 28.Bd3 Rc8 29.Bd4 Bxa2 30.Rb4 Qa3
31.Qg3 Rxd4 32.Rxd4 Qxc3 33.Rd8+ Ne8 34.Rxe8+  1-0

[Event "New York MCC"]
[Site "New York"]
[Date "1994.??.??"]
[Round "11"]
[White "Waitzkin, Joshua"]
[Black "Sokolin, Leonid M"]
[Result "1/2-1/2"]
[WhiteElo "2430"]
[BlackElo "2450"]

1.e4 c5 2.Nf3 Nc6 3.d4 cxd4 4.Nxd4 e5 5.Nb5 d6 6.a4 a6 7.N5c3 Be6 8.Nd5 Nf6
9.Nbc3 Nd4 10.Bg5 Be7 11.Bxf6 Bxf6 12.Bd3 O-O 13.O-O Bg5 14.a5 Rc8 15.f4 Bxd5
16.Nxd5 Bxf4 17.Nxf4 exf4 18.Rxf4 Qg5 19.Rf2 Nc6 20.Qd2 Qc5 21.Kh1 Rc7 22.c3 Ne5
23.Bb1 Nc4 24.Qe2 Re8 25.b4 Qe3 26.Qxe3 Nxe3 27.Rf3 Nc4 28.Bc2 Ne5 29.Rh3 Rec8
30.Ra3 h5 31.Bb3 h4 32.Bd5 g5 33.Kg1 Kg7 34.Kf1 Rf8 35.Ra2 Ng4 36.Kg1 Re7
37.Rf3 Ne5 38.Rf5 f6 39.Rc2 Nd3 40.Rd2 Nf4 41.g3 hxg3 42.hxg3 Ng6 43.b5 Ne5
44.bxa6 bxa6 45.Rb2 Rc8 46.Rb6 Rxc3 47.Rxa6 Rxg3+ 48.Kf1 Ng4 49.Ke2 Rc7 50.Rc6 Rxc6
51.Bxc6 Ne5 52.Bb7 Ra3 53.a6 g4 54.Rf1 Kg6 55.Rd1 Kg5 56.Rxd6 g3 57.Rd1 Ra2+
58.Ke3 g2 59.Rg1 Kh4 60.Bd5 Ng4+ 61.Kd4 Ra4+ 62.Kc5 Ne3 63.Kb6 Kg3 64.a7 Kf2
65.Rxg2+ Kxg2 66.a8=Q Rxa8 67.Bxa8  1/2-1/2

[Event "World op"]
[Site "Philadelphia"]
[Date "1994.??.??"]
[Round "?"]
[White "Yee, Patrick"]
[Black "Waitzkin, Joshua"]
[Result "0-1"]
[WhiteElo "2255"]
[BlackElo "2430"]

1.e4 c5 2.Nf3 d6 3.d4 Nf6 4.Nc3 cxd4 5.Nxd4 Nc6 6.Bc4 Qb6 7.Nde2 e6 8.Bb3 a6
9.O-O Be7 10.Ng3 O-O 11.Be3 Qc7 12.f4 Na5 13.Kh1 b5 14.f5 Nc4 15.Bc1 Bb7
16.Qe2 Rac8 17.fxe6 fxe6 18.Bg5 Kh8 19.Bxc4 Qxc4 20.a3 Qxe2 21.Ngxe2 h6 22.Bxf6 Bxf6
23.Nf4 Rfe8 24.Nfe2 Rc4 25.Rae1 Kg8 26.h3 Bxe4 27.b3 Bxc3 28.Nxc3 Rxc3 29.Rxe4  0-1

[Event "World op"]
[Site "Philadelphia"]
[Date "1994.??.??"]
[Round "?"]
[White "Waitzkin, Joshua"]
[Black "Gurevich, Dmitry"]
[Result "1/2-1/2"]
[WhiteElo "2430"]
[BlackElo "2545"]

1.e4 c5 2.Nf3 d6 3.d4 cxd4 4.Nxd4 Nf6 5.Nc3 Nc6 6.Bc4 e6 7.Be3 Be7 8.Qe2 Qc7
9.Bb3 a6 10.O-O-O Na5 11.g4 b5 12.g5 Nxb3+ 13.axb3 Nd7 14.Nf5 exf5 15.Nd5 Qd8
16.exf5 Bb7 17.f6 gxf6 18.Rhe1 Bxd5 19.Rxd5 Rg8 20.gxf6 Nxf6 21.Rf5 Ng4 22.Bg5 Ne5
23.Bxe7 Qxe7 24.f4 Nd3+ 25.cxd3 Rc8+  1/2-1/2

[Event "World op"]
[Site "Philadelphia"]
[Date "1994.??.??"]
[Round "?"]
[White "Azmaiparashvili, Zurab"]
[Black "Waitzkin, Joshua"]
[Result "1-0"]
[WhiteElo "2625"]
[BlackElo "2430"]

1.c4 e5 2.Nc3 Nf6 3.Nf3 Nc6 4.g3 d5 5.cxd5 Nxd5 6.Bg2 Nb6 7.O-O Be7 8.Rb1 O-O
9.b4 Re8 10.a3 Bf8 11.d3 Nd4 12.Ne4 a5 13.Bd2 axb4 14.axb4 Nb5 15.Ra1 c6
16.Nc5 Rxa1 17.Qxa1 Qc7 18.Rc1 f6 19.Qa2+ Qf7 20.Qxf7+ Kxf7 21.e4 Rd8 22.Be3 Na8
23.Bf1 Nac7 24.Nd2 Nd4 25.f4 exf4 26.gxf4 Nce6 27.Kf2 b6 28.Nxe6 Bxe6 29.f5 Bc8
30.Nc4 b5 31.Nb6 Nxf5 32.exf5 Bxf5 33.Rxc6 Bxb4 34.d4 Bd6 35.h4 Be4 36.Rc8 Rxc8
37.Nxc8 Bc7 38.Bxb5 h5 39.Bc4+ Ke8 40.Na7 Bd8 41.Nb5 Kd7 42.Nc3 Bc2 43.Bf7 g6
44.Nd5 Bb3 45.Nb6+ Bxb6 46.Bxb3 g5 47.Bf7 gxh4 48.Bxh5 Kd6 49.Bf7 f5 50.Kf3 h3
51.Bc4 Ba7 52.Kg3  1-0

[Event "Wch U18"]
[Site "Szeged"]
[Date "1994.??.??"]
[Round "2"]
[White "Ulfarsson, Magnus Orn"]
[Black "Waitzkin, Joshua"]
[Result "0-1"]
[WhiteElo "2250"]
[BlackElo "2430"]

1.e4 c5 2.Nf3 d6 3.d4 cxd4 4.Nxd4 Nf6 5.Nc3 Nc6 6.Bg5 e6 7.Qd2 a6 8.O-O-O Bd7
9.f4 b5 10.Bxf6 gxf6 11.Nxc6 Bxc6 12.Qe1 b4 13.Nd5 a5 14.Rd4 f5 15.Rc4 Bxd5
16.exd5 Qf6 17.dxe6 fxe6 18.Rc7 Kd8 19.Rc6 Bg7 20.Rxd6+ Ke7 21.Qe5 Qxe5 22.fxe5 Bxe5
23.Rb6 Rhb8 24.Rxb8 Rxb8 25.Bd3 Rg8 26.g3 h5 27.Re1 Kf6 28.c3 Rc8 29.c4 h4
30.gxh4 Rh8 31.Kc2 Rxh4 32.c5 Rxh2+ 33.Re2 Rh3 34.c6 Bc7 35.Bc4 e5 36.Rd2 Rh7
37.Rd7 Rxd7 38.cxd7 e4 39.a3 bxa3 40.bxa3 f4 41.Kd2 Ke5 42.Ke2 f3+ 43.Ke3 Bb6+
44.Kd2 e3+ 45.Ke1 Bd8  0-1

[Event "Wch U18"]
[Site "Szeged"]
[Date "1994.??.??"]
[Round "5"]
[White "Waitzkin, Joshua"]
[Black "Hedman, Erik"]
[Result "1-0"]
[WhiteElo "2430"]
[BlackElo "2285"]

1.e4 c5 2.Nf3 d6 3.d4 cxd4 4.Nxd4 Nf6 5.Nc3 a6 6.Bc4 e6 7.Bb3 b5 8.O-O Be7
9.Qf3 Qc7 10.Qg3 O-O 11.Bh6 Ne8 12.Rfd1 Bd7 13.Nf3 b4 14.Ne2 Bf6 15.c3 Bc6
16.e5 Bxe5 17.Nxe5 dxe5 18.cxb4 Nd7 19.Rac1 Qb7 20.f3 Kh8 21.Be3 Nef6 22.a3 Nd5
23.Bd2 a5 24.f4 N7f6 25.Bc2 exf4 26.Nxf4 axb4 27.axb4 Nxf4 28.Bxf4 Be4 29.Be5 Rg8
30.Qh4 Bxc2 31.Rxc2 Nd5 32.Rf2 f6 33.Bc3 Rgc8 34.Rf3 Ra4 35.Rh3 h6 36.Qg4 Qa7+
37.Bd4 Qa6 38.Rg3 Rg8 39.Rh3 Ra1 40.Rb3 Qa4 41.Rd3 Rc8 42.Kf2 Rxd1 43.Rxd1 Rc2+
44.Kg1 Qxb4 45.Qxe6 Rxg2+ 46.Kh1 Rg5 47.Qe8+ Kh7 48.Qe4+ Kg8 49.Qe6+ Kh7
50.Qe4+ g6 51.Ra1 Re5 52.Qh4 Re7 53.Qf2 Kg7 54.Rf1 Qd6 55.Bc5 Qc6 56.Bxe7 Nxe7+
57.Qf3 Qb6 58.b3 Nf5 59.Rd1 Nd4 60.Qe4  1-0

[Event "Wch U18"]
[Site "Szeged"]
[Date "1994.??.??"]
[Round "8"]
[White "Nguyen Anh Dung"]
[Black "Waitzkin, Joshua"]
[Result "0-1"]
[WhiteElo "2345"]
[BlackElo "2430"]

1.e4 e5 2.Nf3 Nf6 3.Nc3 Nc6 4.Bb5 Bb4 5.O-O O-O 6.d3 d6 7.Bg5 Bxc3 8.bxc3 Qe7
9.Nd2 h6 10.Bh4 Nd8 11.Ba4 Ne6 12.Nc4 Nf4 13.Ne3 g5 14.Bg3 a5 15.Re1 c6 16.a3 Be6
17.Bb3 Rad8 18.Bxe6 fxe6 19.Ng4 Nxg4 20.Qxg4 h5 21.Qd1 Qh7 22.Bxf4 exf4 23.e5 d5
24.d4 g4 25.Qd3 Rf5 26.f3 Kh8 27.Kf2 Rg8 28.Rh1 gxf3 29.gxf3 Qe7 30.h4 Rf7
31.Rag1 Rfg7 32.Rg5 Rxg5 33.hxg5 Qxg5 34.Qf1 Qf5 35.Qd3 Qg5 36.Qf1 Qg3+ 37.Ke2 Qg2+
38.Qf2 Qg6 39.Kd2 Qf5 40.Rh4 Rg5 41.Kc1 Qg6 42.Qh2 Kg8 43.Qd2 Rg2 44.Qd3 Qg5
45.Rh3 h4 46.Kb2 Rg3 47.Rh2 h3 48.c4 dxc4 49.Qxc4 Qf5 50.Qe2 Kf7 51.Qe1 Rg2  0-1

[Event "Wch U18"]
[Site "Szeged"]
[Date "1994.??.??"]
[Round "9"]
[White "Waitzkin, Joshua"]
[Black "Svidler, Peter"]
[Result "0-1"]
[WhiteElo "2415"]
[BlackElo "2550"]

1.e4 d6 2.d4 Nf6 3.Bd3 g6 4.Nf3 Bg7 5.c3 O-O 6.O-O Nbd7 7.Nbd2 e5 8.dxe5 dxe5
9.b4 Re8 10.Nc4 Nh5 11.Re1 Nb6 12.Na5 Nf4 13.Bf1 Qf6 14.Be3 Bg4 15.Nxb7 Rab8
16.Nc5 Rbd8 17.Qc2 Nxg2 18.Bxg2 Bxf3 19.Bxf3 Qxf3 20.Qe2 Qh3 21.Rad1 Bf8
22.Nb7 Rb8 23.Na5 Na4 24.Qc2 Qg4+ 25.Kf1 Qh3+ 26.Kg1 Nxc3 27.Qxc3 Bxb4 28.Qxc7 Rbc8
29.Qb7 Bxa5 30.Rf1 Qg4+ 31.Kh1 Qf3+ 32.Kg1 Rc4 33.Qb5 Rec8 34.Qxa5 Qg4+ 35.Kh1 Qxe4+
36.f3 Qxe3 37.Rde1 Qf4 38.Qxe5 Qxe5 39.Rxe5 Rc2 40.Ra5 Rb8 41.Rxa7 Rbb2 42.Ra1 Rxh2+
43.Kg1 h5 44.Ra4 Rbg2+ 45.Kf1 Rg3 46.Rf4 Rxf3+ 47.Rxf3 Rh1+ 48.Ke2 Rxa1 49.a3 Ra2+
50.Kd1 Kg7 51.Kc1 g5 52.Kb1 g4  0-1

[Event "US National op"]
[Site "?"]
[Date "1994.??.??"]
[Round "?"]
[White "Hanken, Jerome B"]
[Black "Waitzkin, Joshua"]
[Result "1/2-1/2"]
[WhiteElo "2230"]
[BlackElo "2415"]

1.c4 e5 2.g3 Nf6 3.Bg2 d5 4.cxd5 Nxd5 5.Nc3 Nb6 6.Nf3 Nc6 7.O-O Be7 8.a4 a5
9.d3 Be6 10.Be3 Nd5 11.Nxd5 Bxd5 12.Nd2 Bxg2 13.Kxg2 O-O 14.Qb3 Bb4 15.Ne4 Nd4
16.Bxd4 exd4 17.Rac1 c6 18.Qc4 Kh8 19.Rc2 Qd7 20.Nc5 Bxc5 21.Qxc5 Rfe8 22.Re1 Re6
23.e4 dxe3 24.Rxe3 Rxe3 25.Qxe3 Re8 26.Qf3 Re6 27.Rc4 Rd6 28.Re4 h6 29.Re3 Rd4
30.Qd1 c5 31.b3 c4 32.bxc4 Rxc4 33.Re8+ Kh7 34.Re7 Qxe7 35.dxc4 Qe4+ 36.Qf3 Qxc4
37.Qf5+ g6 38.Qxa5 Qe4+ 39.Kg1 Kg7 40.Qc3+ Kg8 41.Qc8+ Kg7 42.Qc3+ Kf8 43.Qc8+ Ke7
44.Qc7+ Kf6 45.a5 Qe1+ 46.Kg2 Qe4+ 47.Kg1  1/2-1/2

[Event "US National op"]
[Site "?"]
[Date "1994.??.??"]
[Round "?"]
[White "Mortazavi, Ali"]
[Black "Waitzkin, Joshua"]
[Result "1-0"]
[WhiteElo "2390"]
[BlackElo "2415"]

1.e4 c5 2.c3 d5 3.exd5 Qxd5 4.d4 Nf6 5.Nf3 Nc6 6.Be3 Ng4 7.Nbd2 Nxe3 8.fxe3 e6
9.Bd3 Be7 10.O-O O-O 11.Qe2 Qh5 12.Ne4 b6 13.Rf2 Bb7 14.Raf1 Qh6 15.h4 f5
16.Neg5 Kh8 17.Ba6 Bxa6 18.Qxa6 cxd4 19.cxd4 e5 20.Qc4 Qg6 21.Rc2 Bxg5 22.Nxg5 Rac8
23.Rfc1 h6 24.Qd5 hxg5 25.Rxc6 Rxc6 26.Rxc6 Qh5 27.Qxe5 gxh4 28.Kh2 Re8 29.Rh6+ Qxh6
30.Qxe8+ Kh7 31.Qe5 h3 32.Qxf5+ Kg8 33.Qc8+ Kf7 34.Qd7+ Kf8 35.Qxh3 Qd6+
36.Qg3 Qb4 37.Qb8+ Kf7 38.Qxa7+ Kg6 39.Qa3 Qe1 40.Qd6+ Kh5 41.Qg3 Qd2 42.d5 Qxb2
43.d6 Qe2 44.Qe5+ g5 45.d7  1-0

[Event "Bermuda"]
[Site "Bermuda"]
[Date "1995.??.??"]
[Round "1"]
[White "Waitzkin, Joshua"]
[Black "Norwood, David"]
[Result "1/2-1/2"]
[WhiteElo "2435"]
[BlackElo "2545"]

1.e4 g6 2.d4 Bg7 3.Nc3 c6 4.Nf3 d6 5.a4 Nf6 6.Be2 O-O 7.O-O Nbd7 8.b3 d5
9.e5 Ne8 10.Ba3 Nc7 11.Qd2 b6 12.Rfe1 Bb7 13.Bf1 c5 14.Rad1 Rc8 15.a5 e6
16.Na4 Na6 17.axb6 axb6 18.Bb5 Nab8 19.Qe3 Qc7 20.h4 Ba6 21.Bxa6 Nxa6 22.h5 b5
23.Nxc5 Ndxc5 24.dxc5 b4 25.Bb2 Nxc5 26.Nh2 Ne4 27.f3 Qxc2 28.fxe4 Qxb2 29.exd5 exd5
30.h6 Bh8 31.Ng4 Rce8 32.Rd2 Qc3 33.Rd3 Qc8 34.Qf4 f6 35.Qxb4 fxe5 36.Rde3 Rf5
37.Nf2 Bf6 38.Ne4 Be7 39.Qb5 Rd8 40.Rc3 Qd7 41.Qxd7  1/2-1/2

[Event "Bermuda"]
[Site "Bermuda"]
[Date "1995.??.??"]
[Round "3"]
[White "Ivanov, Alexander"]
[Black "Waitzkin, Joshua"]
[Result "1-0"]
[WhiteElo "2515"]
[BlackElo "2435"]

1.e4 c5 2.Nf3 d6 3.c3 Nf6 4.Bd3 g6 5.Bc2 Bg7 6.d4 O-O 7.dxc5 dxc5 8.Nbd2 Nc6
9.O-O Qc7 10.Qe2 Be6 11.Ng5 Bg4 12.f3 Bc8 13.f4 h6 14.Ngf3 Qxf4 15.e5 Nd5
16.Ne4 Qg4 17.h3 Qd7 18.Rd1 Nxe5 19.c4 Nxf3+ 20.Qxf3 Bd4+ 21.Rxd4 cxd4 22.cxd5 Qf5
23.Bxh6 Qxf3 24.gxf3 Rd8 25.d6 e5 26.f4 exf4 27.Rd1 Be6 28.Nf6+ Kh8 29.Rxd4 Rac8
30.Ba4 Rc1+ 31.Kf2 b5 32.Bxb5 Rc2+ 33.Be2 Rxb2 34.Bxf4 Kg7 35.Bg5 Rh8 36.h4 Rc8
37.d7 Bxd7 38.Nxd7 Re8 39.Rd2 Rb1 40.Bf6+ Kh7 41.Bc3 Rc8 42.Nf6+ Kg7 43.Be5 Rh1
44.Rd4 Kf8 45.Ra4 a5 46.Bf3 Rc2+ 47.Kg3 Rg1+ 48.Kf4 Rh2 49.Rxa5 Rxh4+ 50.Bg4 Rgxg4+
51.Nxg4 f5 52.Kg5 Rxg4+ 53.Kf6  1-0

[Event "Bermuda"]
[Site "Bermuda"]
[Date "1995.??.??"]
[Round "5"]
[White "Frias, Victor J"]
[Black "Waitzkin, Joshua"]
[Result "1-0"]
[WhiteElo "2495"]
[BlackElo "2435"]

1.d4 d5 2.Nf3 Nf6 3.c4 dxc4 4.e3 e6 5.Bxc4 c5 6.Qe2 a6 7.O-O b5 8.Bd3 Bb7
9.a4 bxa4 10.Rxa4 cxd4 11.Rd1 Be7 12.Rxd4 Qa5 13.Nbd2 Nc6 14.Rh4 Rd8 15.Nc4 Qc7
16.Bd2 O-O 17.Rc1 Qd7 18.Bc2 h6 19.Ba4 Nd4 20.Nxd4 Qxa4 21.Na5 Ne4 22.Nxb7 Bxh4
23.Nxd8 Bxf2+ 24.Kh1 Rxd8 25.Be1 Bxe1 26.Qxe1 Rb8 27.b3 Qd7 28.Qf1 Rc8 29.Ra1 e5
30.Nf5 Rc2 31.Qf3 Ng5 32.Qg4 Qc7 33.h4 Ne6 34.Rxa6 Rc1+ 35.Kh2 e4+ 36.Qg3 Qxg3+
37.Nxg3 Rc3 38.Nxe4 Rxe3 39.Ra8+ Kh7 40.Nd6 Rxb3 41.Nxf7 Rc3 42.h5 Nf4  1-0

[Event "USA-ch"]
[Site "Modesto"]
[Date "1995.??.??"]
[Round "4"]
[White "Gulko, Boris F"]
[Black "Waitzkin, Joshua"]
[Result "1/2-1/2"]
[WhiteElo "2620"]
[BlackElo "2440"]

1.c4 e5 2.Nc3 Nc6 3.Nf3 Nf6 4.g3 Bc5 5.Bg2 d6 6.O-O O-O 7.d3 a6 8.Bg5 h6
9.Bxf6 Qxf6 10.Ne4 Qe7 11.Nxc5 dxc5 12.Nd2 Bg4 13.Ne4 Nd4 14.Nc3 c6 15.f3 Bh5
16.e3 Ne6 17.Qc2 g5 18.Rae1 Qd7 19.f4 exf4 20.exf4 f5 21.fxg5 hxg5 22.Kh1 Rae8
23.Qd2 Qg7 24.Ne2 Re7 25.a3 Qh6 26.Ng1 Rh7 27.Bf3 Bf7 28.Bd1 f4 29.Qg2 Kh8
30.Bg4 fxg3 31.Qxg3 Nf4 32.Bf5 Bg6 33.Bxg6 Qxg6 34.Ne2  1/2-1/2

[Event "USA-ch"]
[Site "Modesto"]
[Date "1995.??.??"]
[Round "5"]
[White "Waitzkin, Joshua"]
[Black "Ivanov, Alexander"]
[Result "0-1"]
[WhiteElo "2440"]
[BlackElo "2530"]

1.e4 g6 2.d4 Bg7 3.Nc3 c6 4.g3 d5 5.exd5 cxd5 6.Bg2 Nf6 7.Nf3 Bg4 8.h3 Bxf3
9.Bxf3 Nc6 10.O-O O-O 11.Ne2 b5 12.Nf4 Rc8 13.Re1 e6 14.a3 a5 15.c3 b4 16.axb4 axb4
17.Nd3 Nd7 18.h4 bxc3 19.bxc3 Ne7 20.Bd2 h5 21.Qb3 Nf5 22.Ra7 Rc7 23.Ra3 Bh6
24.Bxh6 Nxh6 25.Kg2 Qf6 26.Rea1 Nf5 27.Qd1 Rfc8 28.Qd2 Nd6 29.Rb3 Qf5 30.Re1 Nc4
31.Qc2 Nf6 32.Rc1 Ng4 33.Qe2 Nf6 34.Nc5 Nd6 35.Re1 Ra7 36.Reb1 Kg7 37.Rb6 Nc4
38.Rb7 Rc7 39.Rxc7 Rxc7 40.Ra1 Nd6 41.Qb2 Nc4 42.Qb8 Re7 43.Ra2 Re8 44.Qc7 Ng4
45.Qb7 g5 46.hxg5 Qxg5 47.Re2 h4 48.Nxe6+ Rxe6 49.Rxe6 h3+ 50.Kf1 Nh2+  0-1

[Event "USA-ch"]
[Site "Modesto"]
[Date "1995.??.??"]
[Round "6"]
[White "Kudrin, Sergey"]
[Black "Waitzkin, Joshua"]
[Result "1/2-1/2"]
[WhiteElo "2525"]
[BlackElo "2440"]

1.e4 d5 2.exd5 Qxd5 3.Nc3 Qa5 4.d4 c6 5.Nf3 Bf5 6.Bc4 Nf6 7.Bd2 e6 8.Nh4 Bg6
9.Nxg6 hxg6 10.Qf3 Qf5 11.Qe2 Qxc2 12.Bd3 Qxb2 13.Rb1 Qa3 14.d5 Nxd5 15.Nxd5 cxd5
16.Rxb7 Be7 17.Bb5+ Kf8 18.O-O Nc6 19.Rc1 Nd8 20.Rd7 Rh4 21.Bd3 Bf6 22.g3 Rd4
23.Rc3 Qxa2 24.Rcc7 Kg8 25.Kg2 a5 26.Qe3 a4 27.Bc3 Rxd3 28.Qxd3 Bxc3 29.Qxc3 Qb3
30.Qc5 Qd3 31.Rc8 Qe4+ 32.f3 Qe2+ 33.Kh3 Rxc8 34.Qxc8 Kh7 35.Qxd8 Qf1+ 36.Kg4 Qc4+
37.Kh3 Qf1+ 38.Kh4 Qxf3 39.g4 Qf2+ 40.Kh3 Qf3+ 41.Kh4 Qf2+ 42.Kh3 Qf3+  1/2-1/2

[Event "USA-ch"]
[Site "Modesto"]
[Date "1995.??.??"]
[Round "7"]
[White "Waitzkin, Joshua"]
[Black "Kaidanov, Grigory S"]
[Result "1-0"]
[WhiteElo "2440"]
[BlackElo "2585"]

1.e4 c5 2.Nf3 e6 3.c3 d5 4.exd5 exd5 5.d4 Bd6 6.Be3 c4 7.b3 cxb3 8.axb3 Ne7
9.Be2 O-O 10.O-O Nbc6 11.Qd2 Ng6 12.c4 a5 13.Nc3 Nb4 14.cxd5 Bf5 15.Bc4 h6
16.Rac1 Rc8 17.Rfe1 Bb8 18.h3 Qd6 19.Nb5 Qd8 20.d6 Bxd6 21.d5 Be4 22.Bb6 Qxb6
23.Rxe4 Rc5 24.Nc3 Qd8 25.Rce1 Qd7 26.Nd4 Rcc8 27.Ndb5 Rc5 28.h4 Rd8 29.h5 Nf8
30.Qe2 Qf5 31.Nxd6 Rxd6 32.Re8 Rc8 33.Re5 Qf4 34.g3 Qf6 35.Nb5 Rd7 36.d6 Nc6
37.Re4 Rcd8 38.Rf4 Qg5 39.Nc3 Qc5 40.Ne4 Qb4 41.Qe3 Kh8 42.Bxf7 Qb5 43.Bc4 Qe5
44.Nc5 Qxd6 45.Nxd7 Qxd7 46.Re4 Nd4 47.Rxd4  1-0

[Event "USA-ch"]
[Site "Modesto"]
[Date "1995.??.??"]
[Round "8"]
[White "Khmelnitsky, Igor N"]
[Black "Waitzkin, Joshua"]
[Result "1-0"]
[WhiteElo "2490"]
[BlackElo "2440"]

1.Nf3 d5 2.d4 Nf6 3.Bg5 Ne4 4.Bh4 c5 5.c3 Qb6 6.Qb3 c4 7.Qxb6 axb6 8.Nbd2 Bf5
9.Nxe4 Bxe4 10.Nd2 Nc6 11.Nxe4 dxe4 12.e3 b5 13.Be2 e6 14.Kd2 Bd6 15.b3 Na5
16.b4 Nc6 17.a4 Rxa4 18.Rxa4 bxa4 19.Bxc4 Na7 20.Bg3 Bxg3 21.hxg3 b5 22.Be2 Kd7
23.g4 Kc6 24.Rh5 f6 25.Rc5+ Kb6 26.Kc2 Rc8 27.g5 Rxc5 28.dxc5+ Kc6 29.gxf6 gxf6
30.c4 bxc4 31.Bxc4 e5 32.Kb2 Nc8 33.Ka3 Ne7 34.Be6 f5 35.Kxa4 f4 36.Kb3 Ng6
37.Bf5 Kd5 38.Bxg6  1-0